Obchod s investičnými celkami ako faktor zvyšovania konkurenčnej schopnosti slovenskej ekonomiky
Pojem obchod s investičnými celkami. Charakteristika obchodu s investičnými celkami. Komplexné priemyselné zariadenie, pojem a klasifikácia. Znaky investičného celku. Priebeh medzinárodnej výstavby investičného celku a typické fázy. Marketingové metódy obchodu s investičnými celkami. Projektové...
Guardado en:
| Autor principal: | |
|---|---|
| Otros Autores: | |
| Formato: | Capítulo de libro |
| Lenguaje: | eslovaco |
| Materias: | |
| Etiquetas: |
Sin Etiquetas, Sea el primero en etiquetar este registro!
|
MARC
| LEADER | 00000naa$a2200000$$$4500 | ||
|---|---|---|---|
| 001 | 0006974 | ||
| 005 | 20231005083221.6 | ||
| 041 | 0 | |a slo | |
| 044 | |a SK | ||
| 245 | 1 | 0 | |a Obchod s investičnými celkami ako faktor zvyšovania konkurenčnej schopnosti slovenskej ekonomiky |c Terézia Pullmanová, Valéria Svobodová |
| 520 | |a Pojem obchod s investičnými celkami. Charakteristika obchodu s investičnými celkami. Komplexné priemyselné zariadenie, pojem a klasifikácia. Znaky investičného celku. Priebeh medzinárodnej výstavby investičného celku a typické fázy. Marketingové metódy obchodu s investičnými celkami. Projektové poradenstvo. | ||
| 610 | 2 | 0 | |a obchod |
| 610 | 2 | 0 | |a celky investičné |
| 610 | 2 | 0 | |a projekty investičné |
| 610 | 2 | 0 | |a marketing |
| 610 | 2 | 0 | |a poradenstvo |
| 610 | 2 | 0 | |a konkurencieschopnosť |
| 610 | 2 | 0 | |a Slovensko |
| 100 | 1 | |a Pullmanová, Terézia, 1953- | |
| 700 | 1 | |a Svobodová, Valéria | |